Geometría Analítica

Bibliographic Details
Main Author: Lehmann, Charles H.
Format: Section = Libro
Language:Undetermined
Spanish
Published: México Hispano-Americana 1965
Subjects:
LEADER 00511nam a2200193Ia 4500
008 241007s9999||||xx |||||||||||||| ||und||
040 |a BIBLIOTECA-RURC/ 516.3 L523 
041 |a spa 
082 |a 516.3 L523 
100 1 |a Lehmann, Charles H. 
245 1 0 |a Geometría Analítica 
260 |a México  |b Hispano-Americana  |c 1965 
300 |a 489 p. :il. 
650 7 |a SISTEMAS DE COORDENADAS 
650 7 |b  ECUACIÓN DE LA CIRCUNFERENCIA 
650 7 |c  LA PARABOLA. 
942 |c BK  |2 ddc 
991 |a TEXTO 
999 |c 14376